01029nam a2200205 i 4500001000700000003000700007005001700014008004100031020002200072080002600094245030500120260005100425300004800476546006200524650004100586655004000627700004600667710008800713852002200801186489SpMaBN20230906222659.0161117s2010 sp aco c |||| |dspa d a978-84-7506-970-8 a003.332.5.077(060.64)00aLibertad e innovación b: caligrafía árabe contemporánea : [exposición] / cNja Mahdaoui, Jalid Al-Saai, Rima Farah, Hassan Massoudy, Munir Al-Shaarani ; editado por José Miguel Puerta Vílchez ; [traducciones, Luis Miguel Pérez Cañada, Sami Bagdadi, José Miguel Puerta Vílchez]. a[Madrid] : bCasa Árabe : bTurner, c[2010] a139, [56] p. : bil. col., retr. ; c30 cm. aCub. y port. adicionales, con texto también en árabe. 7aCaligrafía árabe-vExposiciones. 72tgfbneaCatálogos de exposiciones1 aPuerta Vílchez, José Miguel (d1959-)2 aCasa Árabe e Instituto Internacional de Estudios Árabes y del Mundo Musulmán. aES-MaACLjL-30834